| 000 | 00893nam a22002417a 4500 | ||
|---|---|---|---|
| 999 |
_c8723 _d8723 |
||
| 003 | AR-CdUCM | ||
| 008 | 190325b ||||| |||| 00| 0 spa d | ||
| 020 | _a84-82-80-181-3 | ||
| 040 |
_aMUNICIPALIDAD PROVINCIAL DEL CUSCO _cBIBLIOTECA MUNICIPAL DEL CUSCO |
||
| 041 | _hfre | ||
| 082 |
_a194 / _bP27 |
||
| 100 |
_aPascal, Blas _924357 |
||
| 245 | _aPensamientos/ | ||
| 260 |
_aColombia : _bLa Oveja Negra, _c1984. |
||
| 300 |
_a326 páginas ; _c18 cm. |
||
| 505 | _aContenido: Contra la indiferencia de los ateos -- Signos de la verdadera religión -- Sumisión y empleo de la razón -- De los judíos -- De las figuras -- De Jesucristo -- Diversas pruebas de Jesucristo ... | ||
| 650 |
_aFilosofía francesa _915256 |
||
| 650 |
_aSiglo XVII _92242 |
||
| 650 |
_aFilosofía y religión _924358 |
||
| 700 |
_aD´Ors, Eugenio (traducción) _924359 |
||
| 942 |
_2ddc _cLIBROS |
||
| 945 | _aachl | ||